000 00979nam a22002177a 4500
999 _c17854
_d17854
003 AR-CdUCM
008 190509b ||||| |||| 00| 0 spa d
040 _aMUNICIPALIDAD PROVINCIAL DEL CUSCO
_cBIBLIOTECA MUNICIPAL DEL CUSCO
082 _a539.7 /
_bB34
100 _aBecquerel, Henri
_938048
245 _aEl descubrimiento de la radioactividad /
260 _aBuenos Aires :
_bESPASA - CALPE,
_c1946.
300 _a205 páginas ;
_c20 cm.
505 _aContenido: Sobre las radiaciones emitidas por fosforescencia -- Sobre las radiaciones invisibles emitidas por los cuerpos fosforescentes -- Sobre algunas nuevas propiedades de las radiaciones invisibles emitidas por diversos cuerpos fosforescentes -- Sobre las radiaciones invisibles emitidas por las sales de uranio ...
650 _aRadiactividad
_921056
650 _aCiencia
_92098
650 _aUranio
_938049
700 _aPla, Cortés (introducción)
_938050
942 _2ddc
_cLIBROS
945 _aachl
_d2019-05-09